000 00371nam a22001337a 4500
040 _cNust
082 _a511
_bEPP
100 _aSusanna S. EPP
_9127583
245 _aDiscrete mathematics with applications
250 _a2nd Edition
260 _aBoston:
_bPWS Publishing company,
_c2000.
650 _aDiscrete mathematics with applications
_9127584
942 _2ddc
_cBK
999 _c612666
_d612666